10 Größte Städte pro österreichisches Bundesland - Statistiken

Allgemein
  • Dieses Quiz wurde 23 mal gespielt
  • Das Durchschnittsergebnis liegt bei 29 aus 80
Antworten auf der Karte
Die Antworten werden auf der Karte rot bzw. grün angezeigt, abhängig davon wie oft sie richtig erraten wurden.
 
Antwortstatistiken
Bundesland Bevölkerung Antwort % Korrekt
Steiermark ~307,000 Graz
95%
Tirol ~132,800 Innsbruck
95%
Oberösterreich ~214,500 Linz
95%
Salzburg ~157,900 Salzburg
95%
Vorarlberg ~52,300 Dornbirn
90%
Kärnten ~105,800 Klagenfurt am Wörthersee
90%
Niederösterreich ~60,100 Sankt Pölten
90%
Kärnten ~66,100 Villach
90%
Vorarlberg ~29,300 Bregenz
85%
Burgenland ~16,400 Eisenstadt
80%
Niederösterreich ~50,100 Wiener Neustadt
80%
Vorarlberg ~36,600 Feldkirch
75%
Tirol ~20,100 Kufstein
75%
Tirol ~12,100 Lienz
75%
Vorarlberg ~15,000 Bludenz
65%
Tirol ~14,600 Hall in Tirol
65%
Oberösterreich ~65,800 Wels
65%
Oberösterreich ~37,900 Steyr
60%
Salzburg ~10,200 Zell am See
60%
Oberösterreich ~17,600 Braunau am Inn
55%
Salzburg ~21,600 Hallein
55%
Niederösterreich ~25,600 Krems an der Donau
55%
Vorarlberg ~24,700 Lustenau
55%
Kärnten ~25,000 Wolfsberg
50%
Niederösterreich ~24,000 Amstetten
45%
Salzburg ~10,800 Bischofshofen
45%
Tirol ~11,100 Imst
45%
Steiermark ~21,800 Kapfenberg
45%
Steiermark ~24,500 Leoben
45%
Burgenland ~8,900 Neusiedl am See
45%
Niederösterreich ~26,100 Baden
40%
Steiermark ~15,600 Bruck an der Mur
40%
Niederösterreich ~20,700 Mödling
40%
Tirol ~14,600 Schwaz
40%
Oberösterreich ~25,400 Traun
40%
Tirol ~14,400 Wörgl
40%
Oberösterreich ~13,200 Gmunden
35%
Niederösterreich ~21,500 Schwechat
35%
Kärnten ~15,300 Spittal an der Drau
35%
Oberösterreich ~14,100 Bad Ischl
30%
Burgenland ~7,600 Mattersburg
30%
Vorarlberg ~17,700 Hohenems
25%
Niederösterreich ~28,200 Klosterneuburg
25%
Oberösterreich ~29,200 Leonding
25%
Salzburg ~17,400 Saalfelden am Steinernen Meer
25%
Salzburg ~11,600 Sankt Johann im Pongau
25%
Tirol ~9,900 Sankt Johann in Tirol
25%
Tirol ~16,500 Telfs
25%
Kärnten ~14,600 Feldkirchen in Kärnten
20%
Burgenland ~8,100 Oberwart
20%
Steiermark ~13,400 Feldbach
15%
Vorarlberg ~12,400 Götzis
15%
Steiermark ~12,800 Knittelfeld
15%
Steiermark ~13,400 Leibnitz
15%
Steiermark ~12,200 Weiz
15%
Vorarlberg ~13,800 Hard
10%
Burgenland ~4,100 Jennersdorf
10%
Burgenland ~5,300 Parndorf
10%
Vorarlberg ~12,200 Rankweil
10%
Tirol ~9,600 Rum
10%
Niederösterreich ~17,400 Stockerau
10%
Kärnten ~9,200 Velden am Wörther See
10%
Salzburg ~14,500 Wals-Siezenheim
10%
Oberösterreich ~18,200 Ansfelden
5%
Burgenland ~3,900 Kittsee
5%
Salzburg ~7,600 Kuchl
5%
Burgenland ~5,900 Pinkafeld
5%
Kärnten ~12,200 Sankt Veit an der Glan
5%
Salzburg ~11,700 Seekirchen am Wallersee
5%
Niederösterreich ~19,000 Traiskirchen
5%
Kärnten ~10,800 Völkermarkt
5%
Kärnten ~9,600 Finkenstein am Faaker See
0%
Burgenland ~3,900 Gols
0%
Steiermark ~12,800 Gratwein-Straßengel
0%
Vorarlberg ~10,700 Lauterach
0%
Oberösterreich ~14,900 Marchtrenk
0%
Burgenland ~5,000 Neudörfl
0%
Kärnten ~9,800 Sankt Andrä
0%
Steiermark ~12,300 Seiersberg-Pirka
0%
Salzburg ~8,200 Straßwalchen
0%
Keine übereinstimmenden Quizze gefunden
Verteilung der Resultate
Anzahl Personen mit jedem Resultat
Perzentil nach korrekt beantworteten Fragen
Ihre Resultats-Entwicklung
Sie haben dieses Quiz noch nicht gespielt